00399nam a2200145Ia 450000100060000000800410000602000070004704000130005408200190006710000270008624500780011326000440019130000110023554600070024637834140422s9999 xx 000 0 und d aNA cPK-LaUMT a 610.28bRAN-B aRangayyan, Rangaraj M. aBiomedical signal analysisba case study approachcRangayyan, Rangaraj M. aNew York,USA:bJohn Wiley & Sons,c2005 a516 p. aEN